000 00636nam a2200241Ia 4500
003 OSt
005 20221005033314.0
006 a|||||r|||| 00| 0
007 ta
008 221004b |||||||| |||| 00| 0 eng d
024 _a69570
037 _cTextual
040 _aCRL
_cCRL
_beng
041 _2eng
_aeng
082 _aY:42(X) .2'N9, N2
100 _aHalayya M
245 0 _aScams in India
_b From ancient times to 1992 mega bank scam
260 _aDelhi
_bB.R.
_c1992
300 _a269p.
_ccm.
650 _aSOCIOLOGY
942 _hY:42(X) .2'N9, N2
_cTEXL
_2cc
999 _c941317
_d941317